• 首页
  • 本馆介绍
  • 公告通知
  • 最新文献
  • 馆藏检索
  • 电子资源
  • 读者导购
  • 参考咨询
  • 我的图书馆
  • 登录
  • 详细信息显示
  • 放入我的书架
  • 预约/预借图书
  • 作者相关作品
  • 分类相关作品
  • 丛书相关作品
  • 出版社相关作品

书目信息

  • 表格格式
  • 工作单格式
  • 卡片格式
书名: Introductory functional analysis with applications
作者: Erwin Kreyszig.
分册号:
分册名:
出版地: New York :
 
出版社: Wiley
出版时间: c1978.
页数: xiv, 688 p. :
开本: 24 cm.
丛书名:
中图分类号:
科图分类号:
其他分类号: O177:H31
主题词:
电子资源:
000 00851cam 22003010i 4504
001 E0735318349
003 CaOON
005 20070228101431.73
008 770222s1978 nyua b 0011 eng l
010    @a77002560
020    @a0471507318 :@cCNY3.50.
035    @a(UTLAS)55033443
040    @aDLC@beng@cCaOONL
050 00 @aQA320@b.K74
055  3 @aQA320@b.K74
082    @a515/.7
090    @aP155/W54
090    @aO177:H31
099    @dO177:H31@ex7
100 1  @aKreyszig, Erwin.
245 10 @aIntroductory functional analysis with applications / @cErwin Kreyszig.
260 0  @aNew York :@bWiley,@cc1978.
300    @axiv, 688 p. :@bill. ;@c24 cm.
500    @aIncludes index.
504    @aBibliography: p. 675-679.
650  0 @aFunctional analysis.
700 10 @aKreyszig, Erwin O.
920    @a232010@z2
    
    Introductory functional analysis with applications / / Erwin Kreyszig.-New York : : Wiley, , c1978.
    xiv, 688 p. : : ill. ; ; 24 cm.
    Includes index.-Bibliography: p. 675-679.
    
    ISBN 0471507318 :CNY3.50.
    
●
相关链接 在E读中查询图书 在五车中查询图书 在当当中查询图书 在豆瓣中查询图书


正题名:Introductory functional analysis with applications     索取号:O177:H31/x7         预约/预借

序号 登录号 条形码 馆藏地/架位号 状态 备注
1 48588   000454500   第四借阅区/ [索取号:O177:H31/x7] 在馆    
唐山师范学院图书馆 欢迎您!
大连网信软件有限公司© 版权所有